| 000 | 00628nam a22002297a 4500 | ||
|---|---|---|---|
| 003 | BD-DhJNU | ||
| 005 | 20250318051928.0 | ||
| 008 | 250318b |||||||| |||| 00| 0 eng d | ||
| 020 | _a9780073125749 | ||
| 020 | _a0073125741 | ||
| 040 |
_aBD-DhJNU _bENG _cBD-DhJNU _dBD-DhJNU |
||
| 082 |
_223 _a301 SCS |
||
| 100 | _aSchaeler, Richard T. | ||
| 245 |
_aSociology / _cRichard T. Schaeler |
||
| 250 | _a10th ed. | ||
| 260 |
_aBoston : _bMcGraw-Hill Higher Education, _c2007. |
||
| 300 |
_axxxiii, 595p. : _bill. ; _c27cm. |
||
| 504 | _aInclude index | ||
| 650 | _aSociology | ||
| 650 | _aSocial policy | ||
| 942 |
_2ddc _cBK _n0 |
||
| 999 |
_c1500 _d1500 |
||